1335 1080 1590 1265 1435 1115 1751 1745 1885 1432 1318 1854 1537 1517 1110 1013 1255 1691 1927 1290 1383 1950 1226 1232 1262 1570 1338 1202 1686 1260 1104 1242 1368 1205 1889 1657 1902 1406 1300 1239 1303 1141 1232 1517 1063 1716 1051 1528 1891 1715 1229 1051 1978 1258 1096 1840 1306 1041 1325 1457 1336 1557 1130 1808 1819 1801 1894 1178 1310 1149 1935 1807 1970 1779 1406 1683 1408 1128 1325 1560 1458 1192 1213 1224 1808 1931 1362 1983 1585 1625 1997 1732 1547 1944 1797 1017 1865 1607 1582 BCNSPRNW ULIB Ver.6.0+V

เปลี่ยนเป็นภาษาไทย

Change to English
 แสดงรายละเอียดบรรณานุกรม
  กลับหน้าหลัก

Brief Record : Get Marc (ISO 2709) : E-mail record : QR code < ปิดหน้าต่าง
LEADER : 00000nam 2200000uu 4500
001    13399121082
003     ULIB
008    121105s2552||||th 000 0 tha d
020    ^a9789740323808
050 04 ^aJQ1741^bอ332ค 2552
100 0  ^aอรพรรณ พนัสพัฒนา
245 00 ^aคู่มือกฎหมายประชาชน /^cอรพรรณ พนัสพัฒนา บรรณาธิการ
250    ^aพิมพ์ครั้งที่ 2
260    ^aกรุงเทพฯ :^bสำนักพิมพ์แห่งจุฬาลงกรณ์มหาวิทยาลัย,^c2552
300    ^a61 หน้า
650  7 ^aกฎหมาย^zไทย
650  7 ^aกฎหมาย^xรวมเรื่อง
945    ^p40^l0^i17839
945    ^p40^l0^i17840
995    ^aกัณชพร
999 ^a กัณชพร
รายการนี้ยังไม่มีแท็ก
คุณยังไม่ได้ล็อกอิน คุณสามารถมีกิจกรรมร่วมกับเว็บไซต์ได้ แต่ต้องล็อกอินก่อน ::
  ล็อกอิน

รายการสื่อสารสนเทศ

ลำดับที่ ประเภท เลขเรียก/บาร์โค้ด สถานที่ สถานะ
1. นวนิยาย
นวนิยาย
JQ1741 อ332ค 2552  
  Barcode: 17839
ห้องสมุดวิทยาเขตสวรรค์ประชารักษ์
►หนังสือทั่วไป
บนชั้น
2. นวนิยาย
นวนิยาย
JQ1741 อ332ค 2552 ฉ.2 
  Barcode: 17840
ห้องสมุดวิทยาเขตสวรรค์ประชารักษ์
►หนังสือทั่วไป
บนชั้น

รายการใกล้เคียง
    ผู้แต่ง [อรพรรณ พนัสพัฒนา]

BibComment


ยังไม่เคยถูกคอมเมนท์

คอมเมนท์ทรัพยากรรายการนี้
  คอมเมนท์: คู่มือกฎหมายประช..


 Copyright 2026. Bcnsprnw @Library